Plastika, a.s. Nitra. Prospekt emitenta cenných papierov.

Na 1. trhu cenných papierov v Bratislave je kótovaná prostredníctvom VÚB, a.s. Bratislava.

Gespeichert in:
Bibliographische Detailangaben
Format: Buchkapitel
Sprache:Slowakisch
Schlagworte:
Tags: Tag hinzufügen
Keine Tags, Fügen Sie das erste Tag hinzu!

MARC

LEADER 00000naa a2200000 4500
001 r012567
005 20220826092826.0
041 0 |a slo 
044 |a SK 
245 1 0 |a Plastika, a.s. Nitra.  |b Prospekt emitenta cenných papierov. 
520 |a Na 1. trhu cenných papierov v Bratislave je kótovaná prostredníctvom VÚB, a.s. Bratislava. 
610 2 0 |a papiere cenné 
610 2 0 |a Plastika, a.s. Nitra 
610 2 0 |a burzy